The largest european cities - Statistics

General Stats
  • This quiz has been taken 50 times
  • The average score is 12 of 15
Answer Stats
Population City % Correct
8,8 mil London
100%
3,1 mil Madrid
98%
13,1 mil Moscow
98%
3,7 mil Berlin
96%
2,2 mil Paris
96%
15 mil Istanbul
94%
2,8 mil Rome
94%
1,7 mil Budapest
81%
1,7 mil Warsaw
79%
2,1 mil Bucharest
75%
2,9 mil Kiev
75%
1,8 mil Vienna
73%
1,7 mil Hamburg
67%
1,9 mil Minsk
48%
5,3 mil Saint Petersburg
35%
No matching quizzes found
Score Distribution
Percent of People with Each Score
Percentile by Number Answered
Your Score History
You have not taken this quiz